[Event "Ïåðâåíñòâî Ìîñêâû ïî øàõìàòàì 2015 ñðåäè ìàëü÷èêîâ (Ì17)"]
[Site "Moscow"]
[Date "2015.11.17"]
[Round "6.6"]
[White "Øîøèí, Áîðèñ"]
[Black "Êàðàñåíè, Èâàí"]
[Result "1-0"]
[WhiteElo "1981"]
[BlackElo "1916"]
[PlyCount "0"]
[EventDate "2015.11.12"]

1. d4 {[%clk 1:30:58]} Nf6 {[%clk 1:27:17]} 2. c4 {[%clk 1:31:25]} g6
{[%clk 1:27:43]} 3. Nc3 {[%clk 1:31:51]} Bg7 {[%clk 1:28:09]} 4. e4
{[%clk 1:32:17]} d6 {[%clk 1:28:36]} 5. f4 {[%clk 1:32:44]} O-O {[%clk 1:26:50]}
6. Nf3 {[%clk 1:32:54]} c5 {[%clk 1:20:47]} 7. d5 {[%clk 1:33:19]} e6
{[%clk 1:16:24]} 8. Be2 {[%clk 1:33:37]} exd5 {[%clk 1:15:06]} 9. cxd5
{[%clk 1:34:04]} Re8 {[%clk 1:08:09]} 10. e5 {[%clk 1:34:21]} dxe5
{[%clk 0:54:03]} 11. fxe5 {[%clk 1:34:45]} Ng4 {[%clk 0:51:27]} 12. e6
{[%clk 1:35:07]} fxe6 {[%clk 0:49:56]} 13. d6 {[%clk 1:35:32]} a6
{[%clk 0:45:31]} 14. Ng5 {[%clk 1:31:19]} Nf6 {[%clk 0:43:10]} 15. O-O
{[%clk 1:31:22]} Nc6 {[%clk 0:38:37]} 16. Nge4 {[%clk 1:26:56]} Nxe4
{[%clk 0:37:43]} 17. Nxe4 {[%clk 1:26:34]} b6 {[%clk 0:38:04]} 18. Bg5
{[%clk 1:25:09]} Qd7 {[%clk 0:37:43]} 19. Bf6 {[%clk 1:16:24]} Rf8
{[%clk 0:34:14]} 20. Bc4 {[%clk 0:53:16]} Nd4 {[%clk 0:29:44]} 21. Bxd4
{[%clk 0:49:03]} Bxd4+ {[%clk 0:29:33]} 22. Kh1 {[%clk 0:49:31]} b5
{[%clk 0:26:11]} 23. Rxf8+ {[%clk 0:48:39]} Kxf8 {[%clk 0:26:40]} 24. Qf3+
{[%clk 0:42:34]} Kg7 {[%clk 0:18:42]} 25. Bxe6 {[%clk 0:36:57]} Qxe6
{[%clk 0:14:57]} 26. Ng5 {[%clk 0:36:47]} Qxd6 {[%clk 0:13:02]} 27. Qxa8
{[%clk 0:32:05]} Bd7 {[%clk 0:12:10]} 28. Qa7 {[%clk 0:29:58]} Kg8
{[%clk 0:09:11]} 29. Rf1 {[%clk 0:29:17]} Bg7 {[%clk 0:01:58]} 30. Qa8+
{[%clk 0:27:21]} Bf8 {[%clk 0:02:20]} 31. Nf7 {[%clk 0:16:43]} Qd2
{[%clk 0:02:33]} 32. Ne5 {[%clk 0:12:11]} Bf5 {[%clk 0:02:49]} 33. Qe8
{[%clk 0:06:43]} Qd5 {[%clk 0:02:56]} 34. Ng4 {[%clk 0:06:07]} Kg7
{[%clk 0:03:01]} 35. Ne3 {[%clk 0:06:19]} Qd3 {[%clk 0:02:07]} 36. Kg1
{[%clk 0:04:04]} Bd6 {[%clk 0:01:23]} 37. Nxf5+ {[%clk 0:03:21]} gxf5
{[%clk 0:01:46]} 38. Qd7+ {[%clk 0:03:37]} Kg6 {[%clk 0:02:05]} 39. Qc6
{[%clk 0:03:18]} Qe3+ {[%clk 0:02:10]} 40. Kh1 {[%clk 0:03:38]} Qe5
{[%clk 0:02:38]} 41. g3 {[%clk 0:03:40]} Kg7 {[%clk 0:03:06]} 42. Rd1
{[%clk 0:03:38]} Be7 {[%clk 0:02:57]} 43. Qf3 {[%clk 0:02:39]} c4
{[%clk 0:02:43]} 44. Rd5 {[%clk 0:02:25]} Qxb2 {[%clk 0:02:50]} 45. Rxf5
{[%clk 0:02:15]} Bf6 {[%clk 0:02:22]} 46. g4 {[%clk 0:02:01]} h6 {[%clk 0:02:26]}
47. Rd5 {[%clk 0:01:25]} Qc1+ {[%clk 0:02:08]} 48. Kg2 {[%clk 0:01:51]} Qb2+
{[%clk 0:02:33]} 49. Kh3 {[%clk 0:01:56]} Qc3 {[%clk 0:02:26]} 50. Rd7+
{[%clk 0:01:55]} Kg8 {[%clk 0:02:43]} 51. Qxc3 {[%clk 0:01:57]} Bxc3
{[%clk 0:03:12]} 52. Ra7 {[%clk 0:02:15]} b4 {[%clk 0:01:48]} 53. Rxa6
{[%clk 0:01:48]} Bd2 {[%clk 0:02:15]} 54. Rc6 {[%clk 0:01:46]} c3
{[%clk 0:02:11]} 55. Kg3 {[%clk 0:01:58]} Kf7 {[%clk 0:02:37]} 56. Kf3
{[%clk 0:01:52]} Ke7 {[%clk 0:02:57]} 57. Ke4 {[%clk 0:01:22]} Kd7
{[%clk 0:02:56]} 58. Rc4 {[%clk 0:01:37]} Ke6 {[%clk 0:02:34]} 59. Kd3
{[%clk 0:01:39]} Kf6 {[%clk 0:01:22]} 60. Rxb4 {[%clk 0:01:07]} Kg5
{[%clk 0:01:47]} 61. a4 {[%clk 0:01:27]} Be1 {[%clk 0:01:41]} 62. Ke2
{[%clk 0:01:11]} c2 {[%clk 0:01:48]} 63. Rc4 {[%clk 0:01:36]} Ba5
{[%clk 0:02:11]} 64. h3 {[%clk 0:01:26]} Kh4 {[%clk 0:02:39]} 65. Rxc2
{[%clk 0:01:41]} Kxh3 {[%clk 0:03:04]} 66. Kf3 {[%clk 0:01:45]} Bb4
{[%clk 0:03:14]} 67. Rc6 {[%clk 0:01:39]} Bd2 {[%clk 0:02:33]} 68. a5
{[%clk 0:01:58]} 1-0

[Event "Ïåðâåíñòâî Ìîñêâû ïî øàõìàòàì 2015 ñðåäè ìàëü÷èêîâ (Ì17)"]
[Site "Moscow"]
[Date "2015.11.17"]
[Round "6.7"]
[White "Òâåðäîõëåá, Àëåêñàíäð"]
[Black "Ñû÷åâ, Äàíèèë"]
[Result "1/2-1/2"]
[WhiteElo "1885"]
[BlackElo "1955"]
[PlyCount "0"]
[EventDate "2015.11.12"]

1. e4 {[%clk 1:23:51]} e6 {[%clk 1:30:49]} 2. d4 {[%clk 1:23:58]} d5
{[%clk 1:31:11]} 3. Nd2 {[%clk 1:24:16]} dxe4 {[%clk 1:31:07]} 4. Nxe4
{[%clk 1:24:44]} Nd7 {[%clk 1:31:08]} 5. Nf3 {[%clk 1:22:52]} Ngf6
{[%clk 1:31:20]} 6. Nxf6+ {[%clk 1:21:13]} Nxf6 {[%clk 1:31:30]} 7. Bd3
{[%clk 1:19:23]} Be7 {[%clk 1:30:59]} 8. O-O {[%clk 1:19:14]} O-O
{[%clk 1:30:52]} 9. Ne5 {[%clk 1:09:16]} c5 {[%clk 1:19:19]} 10. Be3
{[%clk 0:47:18]} Qc7 {[%clk 1:11:28]} 11. c3 {[%clk 0:39:11]} b6 {[%clk 1:08:09]}
12. Qe2 {[%clk 0:32:33]} Bb7 {[%clk 1:05:13]} 13. Bf4 {[%clk 0:25:35]} Bd6
{[%clk 0:54:18]} 14. dxc5 {[%clk 0:17:28]} Qxc5 {[%clk 0:51:27]} 15. Rad1
{[%clk 0:14:04]} Rad8 {[%clk 0:42:30]} 16. Kh1 {[%clk 0:07:53]} Nd5
{[%clk 0:28:59]} 17. Bg3 {[%clk 0:06:59]} Ne7 {[%clk 0:27:59]} 18. Be4
{[%clk 0:05:09]} Bxe4 {[%clk 0:25:59]} 19. Qxe4 {[%clk 0:05:33]} Bxe5
{[%clk 0:24:44]} 20. Qxe5 {[%clk 0:05:06]} Rd5 {[%clk 0:20:53]} 21. Rxd5
{[%clk 0:05:15]} Qxd5 {[%clk 0:20:35]} 22. Qxd5 {[%clk 0:05:25]} Nxd5
{[%clk 0:20:49]} 23. Rd1 {[%clk 0:05:42]} Rc8 {[%clk 0:20:36]} 24. Kg1
{[%clk 0:05:21]} Kf8 {[%clk 0:20:09]} 25. Bd6+ {[%clk 0:05:11]} Ke8
{[%clk 0:20:26]} 26. Kf1 {[%clk 0:05:26]} b5 {[%clk 0:18:39]} 27. Ke2
{[%clk 0:04:14]} Kd7 {[%clk 0:18:41]} 28. Bg3 {[%clk 0:04:16]} a5
{[%clk 0:17:04]} 29. Rd4 {[%clk 0:03:21]} a4 {[%clk 0:14:25]} 30. Kd2
{[%clk 0:02:43]} Ke7 {[%clk 0:13:49]} 31. Rd3 {[%clk 0:02:06]} f6
{[%clk 0:09:17]} 32. b3 {[%clk 0:01:40]} axb3 {[%clk 0:05:31]} 33. axb3
{[%clk 0:02:09]} Kf7 {[%clk 0:03:35]} 34. f3 {[%clk 0:01:35]} g5 {[%clk 0:03:41]}
35. Bf2 {[%clk 0:01:25]} Kg6 {[%clk 0:02:07]} 36. g3 {[%clk 0:01:35]} h5
{[%clk 0:02:21]} 37. Be1 {[%clk 0:01:34]} g4 {[%clk 0:02:09]} 38. f4
{[%clk 0:01:41]} Kf5 {[%clk 0:02:00]} 39. Ke2 h4 40. Kf2 {[%clk 0:01:05]} Rc6
{[%clk 0:00:54]} 41. Kg2 {[%clk 0:01:04]} hxg3 {[%clk 0:00:55]} 42. hxg3
{[%clk 0:01:33]} Rc8 {[%clk 0:00:49]} 43. Kg1 {[%clk 0:01:42]} Rc7
{[%clk 0:00:48]} 44. Kg2 {[%clk 0:02:03]} Rc8 {[%clk 0:01:15]} 45. Kg1
{[%clk 0:02:28]} Rc6 {[%clk 0:00:47]} 46. Kg2 {[%clk 0:02:34]} Kg6
{[%clk 0:00:45]} 47. Kg1 {[%clk 0:02:14]} Kf7 {[%clk 0:01:11]} 48. Bd2
{[%clk 0:01:43]} Ke7 {[%clk 0:01:25]} 49. Kf2 {[%clk 0:01:26]} Rc8
{[%clk 0:01:42]} 50. Kg2 {[%clk 0:01:20]} Rc7 {[%clk 0:01:52]} 51. Be1
{[%clk 0:01:15]} Rc8 {[%clk 0:02:17]} 52. Kf1 {[%clk 0:01:10]} f5
{[%clk 0:01:02]} 53. Kg2 {[%clk 0:01:02]} Rc6 {[%clk 0:00:41]} 54. Kf1
{[%clk 0:01:16]} Rc8 {[%clk 0:00:57]} 55. Kg2 {[%clk 0:01:40]} Rc7
{[%clk 0:01:04]} 56. Kf1 {[%clk 0:02:05]} Rc8 {[%clk 0:01:23]} 57. Kg2
{[%clk 0:02:31]} Nf6 {[%clk 0:01:09]} 58. Rd4 {[%clk 0:01:17]} Nd5
{[%clk 0:01:26]} 59. Rd3 {[%clk 0:01:31]} Ra8 60. c4 bxc4 61. bxc4 Ra2+ 62. Kg1
Nb6 63. c5 Nc4 64. Rc3 1/2-1/2

[Event "Ïåðâåíñòâî Ìîñêâû ïî øàõìàòàì 2015 ñðåäè ìàëü÷èêîâ (Ì17)"]
[Site "Moscow"]
[Date "2015.11.17"]
[Round "6.8"]
[White "Âîéíèêîíèñ, Íèêèòà"]
[Black "Àíòîíÿí, Ãðàíò"]
[Result "0-1"]
[WhiteElo "1874"]
[BlackElo "2005"]
[PlyCount "0"]
[EventDate "2015.11.12"]

1. e4 {[%clk 1:30:49]} e5 {[%clk 1:30:59]} 2. Nf3 {[%clk 1:31:11]} Nc6
{[%clk 1:31:26]} 3. Bb5 {[%clk 1:31:37]} a6 {[%clk 1:31:54]} 4. Ba4
{[%clk 1:32:01]} Nf6 {[%clk 1:32:21]} 5. O-O {[%clk 1:32:26]} b5 {[%clk 1:32:50]}
6. Bb3 {[%clk 1:32:51]} Bc5 {[%clk 1:33:17]} 7. d3 {[%clk 1:32:09]} h6
{[%clk 1:33:00]} 8. Nc3 {[%clk 1:32:17]} d6 {[%clk 1:32:08]} 9. a4
{[%clk 1:26:17]} Rb8 {[%clk 1:30:54]} 10. axb5 {[%clk 1:25:15]} axb5
{[%clk 1:31:22]} 11. Be3 {[%clk 1:25:30]} Bg4 {[%clk 1:13:33]} 12. Bxc5
{[%clk 1:23:53]} dxc5 {[%clk 1:14:02]} 13. Ra6 {[%clk 1:23:59]} Nd4
{[%clk 0:53:46]} 14. Bxf7+ {[%clk 1:16:11]} Kf8 {[%clk 0:52:18]} 15. Bd5
{[%clk 0:36:36]} Bxf3 {[%clk 0:45:35]} 16. gxf3 {[%clk 0:36:32]} Qc8
{[%clk 0:45:59]} 17. Rxf6+ {[%clk 0:36:31]} gxf6 {[%clk 0:46:28]} 18. Re1
{[%clk 0:36:53]} c6 {[%clk 0:40:21]} 19. Ba2 {[%clk 0:35:15]} b4 {[%clk 0:38:19]}
20. Ne2 {[%clk 0:33:22]} Nxf3+ {[%clk 0:37:35]} 21. Kg2 {[%clk 0:33:47]} Nxe1+
{[%clk 0:36:44]} 22. Qxe1 {[%clk 0:34:14]} h5 {[%clk 0:35:00]} 23. Ng3
{[%clk 0:34:29]} Qg4 {[%clk 0:34:42]} 24. Qe3 {[%clk 0:32:40]} Rb5
{[%clk 0:27:44]} 25. d4 {[%clk 0:26:55]} b3 {[%clk 0:20:57]} 26. Bxb3
{[%clk 0:24:15]} h4 {[%clk 0:21:23]} 27. h3 {[%clk 0:23:33]} Qg6 {[%clk 0:21:08]}
28. Be6 {[%clk 0:23:11]} hxg3 {[%clk 0:20:58]} 29. f4 {[%clk 0:22:15]} Qh6
{[%clk 0:18:42]} 30. dxe5 {[%clk 0:21:52]} fxe5 {[%clk 0:18:52]} 31. Qxg3
{[%clk 0:20:29]} Qxe6 {[%clk 0:18:57]} 0-1

[Event "Ïåðâåíñòâî Ìîñêâû ïî øàõìàòàì 2015 ñðåäè ìàëü÷èêîâ (Ì17)"]
[Site "Moscow"]
[Date "2015.11.17"]
[Round "6.9"]
[White "Êóçüìèí, Èâàí"]
[Black "Èñàåâ, Íèêîëàé"]
[Result "1/2-1/2"]
[WhiteElo "1774"]
[BlackElo "1616"]
[PlyCount "0"]
[EventDate "2015.11.12"]

1. d4 {[%clk 1:17:44]} d5 {[%clk 1:30:53]} 2. Nf3 {[%clk 1:17:38]} Nf6
{[%clk 1:31:15]} 3. e3 {[%clk 1:17:59]} e6 {[%clk 1:30:25]} 4. Bd3
{[%clk 1:18:20]} Nbd7 {[%clk 1:29:10]} 5. b3 {[%clk 1:18:38]} Bb4+
{[%clk 1:19:47]} 6. c3 {[%clk 1:13:53]} Bd6 {[%clk 1:19:59]} 7. O-O
{[%clk 1:14:18]} e5 {[%clk 1:12:44]} 8. dxe5 {[%clk 1:14:36]} Nxe5
{[%clk 1:13:11]} 9. Be2 {[%clk 1:13:09]} O-O {[%clk 1:01:43]} 10. Ba3
{[%clk 1:12:07]} Bxa3 {[%clk 0:51:20]} 11. Nxa3 {[%clk 1:12:28]} Qe7
{[%clk 0:50:16]} 12. Nxe5 {[%clk 1:12:24]} Qxe5 {[%clk 0:50:25]} 13. Qd4
{[%clk 1:12:46]} Qe7 {[%clk 0:39:59]} 14. Nc2 {[%clk 1:12:11]} Bf5
{[%clk 0:37:57]} 15. Rac1 {[%clk 1:11:29]} Rfd8 {[%clk 0:35:24]} 16. b4
{[%clk 1:11:07]} a5 {[%clk 0:29:09]} 17. Qf4 {[%clk 1:10:34]} Bxc2
{[%clk 0:25:56]} 18. Rxc2 {[%clk 1:10:57]} Qe4 {[%clk 0:25:21]} 19. Qxe4
{[%clk 1:10:39]} dxe4 {[%clk 0:22:13]} 20. Bc4 {[%clk 1:09:32]} Rd6
{[%clk 0:18:55]} 21. Rb1 {[%clk 1:08:26]} b6 {[%clk 0:17:05]} 22. Kf1
{[%clk 1:08:22]} Kf8 {[%clk 0:14:53]} 23. Ke1 {[%clk 1:05:33]} Ke7
{[%clk 0:14:42]} 24. h3 {[%clk 1:05:18]} Nd7 {[%clk 0:14:14]} 25. Rd1
{[%clk 1:05:07]} Rxd1+ {[%clk 0:13:16]} 26. Kxd1 {[%clk 1:05:32]} Ne5
{[%clk 0:12:11]} 27. Bb5 {[%clk 1:03:22]} Rd8+ {[%clk 0:09:55]} 28. Rd2
{[%clk 1:03:43]} Rxd2+ {[%clk 0:09:19]} 29. Kxd2 {[%clk 1:04:06]} Kd6
{[%clk 0:09:39]} 30. bxa5 {[%clk 0:59:27]} bxa5 {[%clk 0:10:07]} 31. Be2
{[%clk 0:59:46]} Kc5 {[%clk 0:09:49]} 32. Kc2 {[%clk 0:59:19]} Nc4
{[%clk 0:08:57]} 33. Bg4 {[%clk 0:59:24]} Kd6 {[%clk 0:08:34]} 34. Be2
{[%clk 0:58:53]} Kc5 {[%clk 0:08:59]} 35. Bg4 {[%clk 0:58:15]} Kd6
{[%clk 0:09:24]} 36. Be2 {[%clk 0:58:37]} Kc5 {[%clk 0:09:43]} 37. Bg4
{[%clk 0:58:55]} Kd6 {[%clk 0:09:36]} 38. Be2 {[%clk 0:59:13]} 1/2-1/2

[Event "Ïåðâåíñòâî Ìîñêâû ïî øàõìàòàì 2015 ñðåäè ìàëü÷èêîâ (Ì17)"]
[Site "Moscow"]
[Date "2015.11.17"]
[Round "6.10"]
[White "Áóðàêîâ, Àëåêñàíäð"]
[Black "Áóðõàíîâ, Âàñèëèé"]
[Result "0-1"]
[WhiteElo "1758"]
[BlackElo "1868"]
[PlyCount "0"]
[EventDate "2015.11.12"]

1. e4 {[%clk 1:30:58]} e6 {[%clk 1:30:53]} 2. d4 {[%clk 1:31:22]} d5
{[%clk 1:31:22]} 3. Nd2 {[%clk 1:31:08]} dxe4 {[%clk 1:31:26]} 4. Nxe4
{[%clk 1:31:24]} Nd7 {[%clk 1:31:50]} 5. Nf3 {[%clk 1:31:01]} Ngf6
{[%clk 1:32:10]} 6. Bg5 {[%clk 1:24:41]} Be7 {[%clk 1:32:19]} 7. Nxf6+
{[%clk 1:23:11]} Bxf6 {[%clk 1:30:37]} 8. Qd2 {[%clk 1:19:20]} Bxg5
{[%clk 1:27:10]} 9. Nxg5 {[%clk 1:14:05]} h6 {[%clk 1:26:07]} 10. Ne4
{[%clk 1:13:29]} O-O {[%clk 1:18:30]} 11. O-O-O {[%clk 1:11:23]} Nf6
{[%clk 1:10:49]} 12. f3 {[%clk 1:10:20]} b6 {[%clk 1:09:25]} 13. g4
{[%clk 0:58:30]} Bb7 {[%clk 1:07:55]} 14. Bg2 {[%clk 0:58:00]} Nxe4
{[%clk 0:57:17]} 15. fxe4 {[%clk 0:58:17]} Qg5 {[%clk 0:57:44]} 16. Qxg5
{[%clk 0:52:38]} hxg5 {[%clk 0:57:29]} 17. d5 {[%clk 0:46:54]} Rfe8
{[%clk 0:49:20]} 18. c4 {[%clk 0:43:53]} Kf8 {[%clk 0:45:20]} 19. Rd2
{[%clk 0:34:43]} Rad8 {[%clk 0:33:54]} 20. Rhd1 {[%clk 0:33:11]} f6
{[%clk 0:32:44]} 21. Kc2 {[%clk 0:24:06]} Ke7 {[%clk 0:30:53]} 22. e5
{[%clk 0:19:00]} exd5 {[%clk 0:12:03]} 23. cxd5 {[%clk 0:18:26]} Kf8
{[%clk 0:12:20]} 24. e6 {[%clk 0:11:42]} Rd6 {[%clk 0:11:21]} 25. Kc3
{[%clk 0:10:56]} Red8 {[%clk 0:10:37]} 26. Be4 {[%clk 0:09:49]} Ke7
{[%clk 0:10:19]} 27. b4 {[%clk 0:08:32]} c6 {[%clk 0:08:28]} 28. dxc6
{[%clk 0:04:58]} Bxc6 29. Rxd6 {[%clk 0:02:22]} Rxd6 {[%clk 0:09:14]} 30. Rxd6
{[%clk 0:02:32]} Kxd6 {[%clk 0:09:42]} 31. e7 {[%clk 0:01:01]} Bd7
{[%clk 0:09:23]} 32. Bf5 {[%clk 0:00:39]} Kxe7 {[%clk 0:09:44]} 33. Kd4
{[%clk 0:01:01]} Bxf5 {[%clk 0:08:58]} 34. gxf5 {[%clk 0:01:28]} Kf7
{[%clk 0:09:16]} 35. b5 {[%clk 0:01:27]} g6 {[%clk 0:09:38]} 36. Ke4
{[%clk 0:00:42]} gxf5+ {[%clk 0:10:02]} 37. Kxf5 {[%clk 0:01:11]} Ke7
{[%clk 0:10:23]} 38. Kg6 {[%clk 0:01:34]} Ke6 {[%clk 0:10:47]} 39. h3
{[%clk 0:01:40]} Ke5 {[%clk 0:10:57]} 40. a3 {[%clk 0:01:41]} Ke6
{[%clk 0:11:21]} 41. a4 {[%clk 0:01:28]} Ke5 {[%clk 0:11:44]} 42. Kh5
{[%clk 0:01:46]} Kf5 {[%clk 0:11:57]} 43. h4 {[%clk 0:01:07]} g4 {[%clk 0:12:17]}
0-1

[Event "Ïåðâåíñòâî Ìîñêâû ïî øàõìàòàì 2015 ñðåäè"]
[Site "Moscow"]
[Date "2015.11.17"]
[Round "6.11"]
[White "Âåðøèíèí, Èâàí."]
[Black "Ìõèòàðÿí, Àðñåí."]
[Result "1-0"]
[WhiteElo "1707"]
[BlackElo "1776"]
[PlyCount "125"]
[EventDate "2015.11.12"]

1. d4 d5 2. c4 e6 3. Nc3 Nf6 4. Bg5 Be7 5. e3 O-O 6. Nf3 b6 7. Bd3 Bb7 8. O-O
Ne4 9. Bf4 Bd6 10. Bxd6 Nxc3 11. bxc3 Qxd6 12. Qe2 Nd7 13. Rfd1 Rac8 14. Rac1
Qe7 15. h3 c5 16. cxd5 exd5 17. Ba6 Bxa6 18. Qxa6 c4 19. Rb1 Rc7 20. Qb5 Nf6
21. Rdc1 Rb7 22. Ne5 Rfb8 23. Nc6 Qa3 24. Nxb8 Rxb8 25. Qb2 Qd6 26. a4 g6 27.
Ra1 a6 28. Re1 b5 29. Reb1 b4 30. cxb4 Ne4 31. b5 c3 32. Qa3 c2 33. Rc1 Qxa3
34. Rxa3 axb5 35. axb5 Rxb5 36. Rxc2 Kf8 37. Ra7 Rb1+ 38. Kh2 Nd6 39. Rd7 Ne4
40. Rxd5 Rf1 41. f3 Nf6 42. Rb5 h5 43. h4 Rd1 44. Kg3 Rf1 45. Rd2 Kg7 46. e4 g5
47. Rxg5+ Kh6 48. Rf5 Kg6 49. d5 Ra1 50. d6 Ra7 51. Rxf6+ Kg7 52. Rf5 Ra8 53.
d7 Rd8 54. Rxh5 f5 55. Rxf5 Kg6 56. Rd6+ Kh7 57. Kf4 Kg7 58. Kg5 Kh7 59. Rf7+
Kg8 60. Kg6 Kh8 61. Rh7+ Kg8 62. Re6 Rf8 63. Re8 1-0

[Event "Ïåðâåíñòâî Ìîñêâû ïî øàõìàòàì 2015 ñðåäè"]
[Site "Moscow"]
[Date "2015.11.17"]
[Round "6.12"]
[White "Õóäÿêîâ, Ñòàíèñëàâ."]
[Black "Ãåéâîíäÿí, Àðñåí."]
[Result "0-1"]
[WhiteElo "1750"]
[BlackElo "1743"]
[PlyCount "96"]
[EventDate "2015.11.12"]

1. e4 e6 2. d4 d5 3. exd5 exd5 4. Nf3 Bd6 5. Bd3 Ne7 6. O-O O-O 7. c3 Bf5 8.
Re1 Qd7 9. Na3 c6 10. Nc2 Na6 11. Ne5 Bxe5 12. Rxe5 Bxd3 13. Qxd3 f6 14. Re2
Qf5 15. Qxf5 Nxf5 16. Bf4 g5 17. Bg3 Rae8 18. Rae1 Rxe2 19. Rxe2 Kf7 20. Kf1 h5
21. Ne3 Nxe3+ 22. Rxe3 h4 23. Bd6 Re8 24. Rxe8 Kxe8 25. h3 Kd7 26. Bh2 c5 27.
a3 b5 28. Ke2 c4 29. Kf3 f5 30. Be5 Ke6 31. g3 Nc5 32. dxc5 Kxe5 33. gxh4 gxh4
34. Ke3 f4+ 35. Kf3 a5 36. c6 Kd6 37. Kxf4 d4 38. Ke4 d3 39. Ke3 Kxc6 40. Kd2
Kd5 41. f3 Ke5 42. b3 a4 43. bxc4 bxc4 44. Ke3 Kf5 45. f4 d2 46. Kxd2 Kxf4 47.
Ke2 Ke4 48. Kd2 Kf3 0-1

[Event "Ïåðâåíñòâî Ìîñêâû ïî øàõìàòàì 2015 ñðåäè"]
[Site "Moscow"]
[Date "2015.11.17"]
[Round "6.13"]
[White "Øåâåëåâ, Àëåêñàíäð."]
[Black "Ìåòåëåâ, Áîðèñ."]
[Result "1-0"]
[WhiteElo "1496"]
[BlackElo "1756"]
[PlyCount "89"]
[EventDate "2015.11.12"]

1. d4 Nf6 2. c4 g6 3. Nc3 Bg7 4. e4 d6 5. Nf3 O-O 6. Be2 e5 7. O-O Nc6 8. d5
Ne7 9. Ne1 Nd7 10. Nd3 f5 11. Bd2 Nf6 12. f3 f4 13. c5 g5 14. cxd6 cxd6 15. Nf2
h5 16. a4 Ng6 17. h3 Ne8 18. Nb5 Nh4 19. Qb3 Rf7 20. Rfc1 Bh6 21. Qd1 a6 22.
Na3 g4 23. fxg4 hxg4 24. Nxg4 Bg5 25. Nc4 Rb8 26. a5 Nf6 27. Bf3 Bxg4 28. hxg4
Rh7 29. Bb4 Ne8 30. Ra3 Rc8 31. Rac3 Rcc7 32. Nb6 Ng6 33. R1c2 Rxc3 34. Rxc3
Rc7 35. Qc2 Be7 36. Rxc7 Nxc7 37. Be2 Nf8 38. Qc3 Bh4 39. Qh3 Ng6 40. g5 Bxg5
41. Qc8 Ne8 42. Qxb7 Bh4 43. Qd7 Bf2+ 44. Kxf2 Qh4+ 45. Kg1 1-0

[Event "Ïåðâåíñòâî Ìîñêâû ïî øàõìàòàì 2015 ñðåäè"]
[Site "Moscow"]
[Date "2015.11.17"]
[Round "6.14"]
[White "Ïàâëåíêî, Àëåêñåé."]
[Black "Ôèíêåëüøòåéí, Àëåêñàíäð."]
[Result "0-1"]
[WhiteElo "1918"]
[BlackElo "1616"]
[PlyCount "102"]
[EventDate "2015.11.12"]

1. d4 e6 2. c4 d5 3. Nc3 Nf6 4. Bg5 Nbd7 5. e3 Be7 6. Nf3 O-O 7. Bd3 b6 8. O-O
Bb7 9. Rc1 c5 10. cxd5 exd5 11. Bb1 Rc8 12. Qd3 Ne4 13. Bxe7 Qxe7 14. Nd2 c4
15. Qc2 Ndf6 16. Ndxe4 Nxe4 17. f3 Nf6 18. e4 dxe4 19. fxe4 g6 20. d5 Ng4 21.
Qe2 Ne5 22. a3 Qc5+ 23. Qf2 b5 24. Qxc5 Rxc5 25. Ne2 Nd7 26. Nd4 Rfc8 27. Rf2
a5 28. Rcf1 Rf8 29. b4 cxb3 30. Nxb3 Rc3 31. Nxa5 Ba8 32. Rf3 Rxf3 33. Rxf3 Rc8
34. Rb3 Rc5 35. Bd3 Ne5 36. Rxb5 Nxd3 37. Rb8+ Kg7 38. Nb3 Rc3 39. Rxa8 Rxb3
40. h3 Rb1+ 41. Kh2 Kf6 42. Re8 Ne5 43. g4 Rb2+ 44. Kg3 Rb3+ 45. Kg2 g5 46. Rh8
Rxa3 47. Rxh7 Re3 48. h4 Rxe4 49. hxg5+ Kxg5 50. d6 Rxg4+ 51. Kf2 Rd4 0-1

[Event "Ïåðâåíñòâî Ìîñêâû ïî øàõìàòàì 2015 ñðåäè"]
[Site "Moscow"]
[Date "2015.11.17"]
[Round "6.15"]
[White "Àõìåòîâ, Ãàçèç."]
[Black "Ñó÷êîâ, Àëåêñàíäð."]
[Result "1-0"]
[WhiteElo "1649"]
[BlackElo "1873"]
[PlyCount "85"]
[EventDate "2015.11.12"]

1. d4 Nf6 2. Nc3 d5 3. Bg5 Nbd7 4. Nf3 e6 5. e4 dxe4 6. Nxe4 Be7 7. Bxf6 Nxf6
8. Nxf6+ Bxf6 9. Bd3 O-O 10. O-O Qd6 11. Qe2 Rd8 12. Rad1 Qb6 13. c3 Bd7 14.
Rd2 Bc6 15. Ne5 Bxe5 16. Qxe5 Rd5 17. Qg3 h6 18. f4 Re8 19. Kh1 Bd7 20. Qf3 Bc6
21. Qg4 Bd7 22. Re1 c5 23. Bc4 Rd6 24. dxc5 Qxc5 25. Rxd6 Qxd6 26. Rd1 Qc7 27.
Bb3 Rd8 28. h3 a5 29. Rd3 g6 30. f5 exf5 31. Qxg6+ Kh8 32. Qxh6+ Kg8 33. Qg6+
Kh8 34. Bxf7 Qf4 35. Qf6+ Kh7 36. Bg6+ Kh6 37. Bxf5+ Kh5 38. Qg6+ Kh4 39. g3+
Qxg3 40. Qxg3+ Kh5 41. Qg4+ Kh6 42. Rd6+ Be6 43. Rxe6# 1-0

[Event "Ïåðâåíñòâî Ìîñêâû ïî øàõìàòàì 2015 ñðåäè"]
[Site "Moscow"]
[Date "2015.11.17"]
[Round "6.16"]
[White "Êàäûêîâ, Àëåêñàíäð."]
[Black "Àáäóëëàåâ, Ýëü÷èí."]
[Result "0-1"]
[WhiteElo "1612"]
[BlackElo "1731"]
[PlyCount "92"]
[EventDate "2015.11.12"]

1. Nf3 d5 2. g3 Nf6 3. Bg2 e6 4. d3 Be7 5. Nbd2 O-O 6. a3 b6 7. O-O Bb7 8. b4
Nbd7 9. Bb2 c5 10. c3 Rc8 11. b5 Qc7 12. a4 c4 13. d4 e5 14. e3 e4 15. Ne1 Rfe8
16. f3 exf3 17. Bxf3 Bd6 18. Ng2 Qb8 19. Qc2 Bc7 20. Rae1 Qa8 21. g4 Qb8 22. h3
Bh2+ 23. Kh1 Qg3 24. Nf4 g5 25. Re2 gxf4 26. Rxh2 fxe3 27. Nb1 Ne4 28. Bxe4
dxe4 29. Qe2 Re6 30. Rg1 Qf3+ 31. Rgg2 Nf6 32. Kg1 Nd5 33. Qe1 Nf4 34. Rg3 Nd3
35. Rxf3 Nxe1 36. Rxe3 Nf3+ 37. Kh1 Nxh2 38. Kxh2 Rf6 39. Kg1 Rf3 40. Bc1 Rc7
41. Rxf3 exf3 42. Kf2 Re7 43. Be3 f5 44. gxf5 Rg7 45. Nd2 Rg2+ 46. Ke1 Re2+ 0-1

[Event "Ïåðâåíñòâî Ìîñêâû ïî øàõìàòàì 2015 ñðåäè"]
[Site "Moscow"]
[Date "2015.11.17"]
[Round "6.17"]
[White "Ñèíÿâèí, Ðîìàí."]
[Black "Ìàçàåâ, Ðîìàí."]
[Result "1-0"]
[WhiteElo "1625"]
[BlackElo "1726"]
[PlyCount "91"]
[EventDate "2015.11.12"]

1. e4 Nf6 2. e5 Nd5 3. c4 Nb6 4. d4 d6 5. exd6 exd6 6. Nf3 Be7 7. Bd3 Bg4 8. h3
Bh5 9. Be3 Bf6 10. Be4 c6 11. Nbd2 O-O 12. Qc2 Bg6 13. Bxg6 fxg6 14. O-O-O d5
15. c5 Nc8 16. h4 Ne7 17. h5 h6 18. hxg6 Qe8 19. g4 Qxg6 20. Qb3 b6 21. g5 hxg5
22. Rdg1 Nd7 23. Bxg5 Bxg5 24. Rxg5 Qe8 25. Qd3 Nf6 26. Ne5 bxc5 27. Qh3 Nh5
28. Qe6+ Rf7 29. Rgxh5 Kf8 30. Nd7+ Qxd7 31. Qxd7 cxd4 32. Rh8+ Ng8 33. Qd6+
Re7 34. Rxg8+ Kxg8 35. Qxe7 Rf8 36. Rh8+ Kxh8 37. Qxf8+ Kh7 38. Qd6 d3 39. Qxc6
g5 40. Qxd5 a5 41. Qxg5 a4 42. a3 Kh8 43. Ne4 d2+ 44. Kxd2 Kh7 45. Nf6+ Kh8 46.
Qh6# 1-0

[Event "Ïåðâåíñòâî Ìîñêâû ïî øàõìàòàì 2015 ñðåäè"]
[Site "Moscow"]
[Date "2015.11.17"]
[Round "6.18"]
[White "Ìèíàøêèí, Èãîðü."]
[Black "Óòðîáèí, Åãîð."]
[Result "1-0"]
[WhiteElo "1556"]
[BlackElo "1674"]
[PlyCount "91"]
[EventDate "2015.11.12"]

1. d4 d5 2. c4 e6 3. Nc3 f5 4. cxd5 exd5 5. Nf3 c6 6. Bg5 Nf6 7. e3 Bd6 8. Bd3
O-O 9. Qc2 Qd7 10. Bxf6 Rxf6 11. O-O Qe8 12. Rab1 Nd7 13. Ne2 g6 14. Nf4 Nf8
15. b4 Bd7 16. a4 Rc8 17. Qb3 Ne6 18. Nxe6 Rxe6 19. b5 Bb8 20. bxc6 Bxc6 21.
Bb5 b6 22. Rfc1 Qd7 23. Qc3 Rc7 24. Ne5 Rxe5 25. Bxc6 Rxc6 26. Qxc6 Qxc6 27.
Rxc6 Re8 28. Rbc1 Kf7 29. Rc8 Bd6 30. Rxe8 Kxe8 31. Rc8+ Kd7 32. Rh8 a6 33.
Rxh7+ Be7 34. Kf1 b5 35. axb5 axb5 36. Ke2 Ke6 37. Rh8 Bd6 38. g3 Be7 39. Rb8
b4 40. Kd2 g5 41. Kc2 f4 42. Kb3 fxe3 43. fxe3 g4 44. Re8 Kd7 45. Rxe7+ Kxe7
46. Kxb4 1-0

[Event "Ïåðâåíñòâî Ìîñêâû ïî øàõìàòàì 2015 ñðåäè"]
[Site "Moscow"]
[Date "2015.11.17"]
[Round "6.19"]
[White "Òåðòû÷íûé, Äìèòðèé."]
[Black "Ñåäîâ, Ìàðê."]
[Result "1-0"]
[WhiteElo "1704"]
[BlackElo "1610"]
[PlyCount "79"]
[EventDate "2015.11.12"]

1. e4 c5 2. Nf3 Nc6 3. Bb5 g6 4. O-O Bg7 5. Re1 Nf6 6. c3 O-O 7. d4 cxd4 8.
cxd4 a6 9. Bf1 d5 10. e5 Ne8 11. h3 Nc7 12. Nc3 f6 13. Bf4 Ne6 14. Bg3 b5 15.
exf6 Bxf6 16. Be5 Bxe5 17. dxe5 Nc7 18. Ne2 Bb7 19. Ned4 Qc8 20. Rc1 Ne6 21.
Nxc6 Bxc6 22. Nd4 Nxd4 23. Qxd4 Qe6 24. Be2 Qd7 25. Bg4 e6 26. Qb6 Rfc8 27. Rc2
Ra7 28. Qxa7 Qxa7 29. Bxe6+ Kg7 30. Bxc8 Be8 31. e6 Qe7 32. Bd7 Kf6 33. Bxe8
Qxe8 34. e7 Kf7 35. Re3 d4 36. Rf3+ Ke6 37. Re2+ Kd6 38. Rf8 d3 39. Re3 d2 40.
Rd3+ 1-0